000 01176nam0a22002411i 4500
001 rc\3686653
005 20240726022619.0
021 _aRU
_b[73-26910а]
035 _a(NLR Aleph) 007754426
090 _a7298139
_c7298139
100 _a20130115d1973 |||y0rusy50 ca
101 0 _arus
102 _aRU
105 _ay d |||||
200 1 _aФлуориметрическое и фотометрическое исследование митохондрий при транспорте ионов
_e(Зависимые от окисления янтарной кислоты реакции митохондрий в условиях торможения I пункта сопряжения)
_eАвтореф. дис. на соиск. учен. степени канд. биол. наук
_e(03.00.02)
_fАН СССР. Ин-т биол. физики
210 _aПущино
_d1973
215 _a27 с.
_cграф.
320 _aСписок работ авт. в конце текста (5 назв.)
700 1 _aКаминский
_bЮ.Г.
_gЮрий Георгиевич
801 0 _aRU
_bNLR
_gpsbo
801 1 _aRU
_bELAR
_2rusmarc
852 _aNLR
_j73-4/46271
942 _cBOOK